000 00730nam a22002177a 4500
999 _c157772
_d157772
005 20180929105047.0
010 _aENG-124090
020 _a9789387472396
_c495.00
035 _aEN-107622
037 _bDBAD/PUB
082 _a660.6
100 _aGhosal, Sabari
245 _aFundamentals of bioanalytical techniques and instrumentation /
_cby Sabari Ghosal [and] Anupama Sharma Avasthi
250 _a2nd ed.
260 _c2018
_aDelhi
_bPHI Learning Pvt. Ltd.
270 _bDelhi
_aRimjhim House, 111, Patparganj Industrial Estate,
_e110092
300 _axx,483p.
_c26cm.(pbk)
500 _aIt includes suggested readings and index
700 _a Sharma Avasthi, Anupama
942 _2ddc
_cEN
_h660.6
_mGHO